000
00274nam a2200121Ia 4500
100
_a
UNIX System V /386 RELEASE 4
942
_c
BK
654
_a
xenith
245
_a
BSD/XENITH Compatibility guide
260
_b
prentice
_a
New Delhi
_c
1992
546
_a
ENGLISH
999
_c
34121
_d
34121